| 000 | 02118nam a2200493 4500 | ||
|---|---|---|---|
| 999 |
_c63846 _d63846 |
||
| 001 | a5625343 | ||
| 003 | SpMaBN | ||
| 005 | 20170818084749.0 | ||
| 008 | 150323t2015 sp | |||| 001 0 spa | ||
| 017 |
_aNA 39-2015 _bOficina Depósito Legal Navarra _zNA 60-2014 |
||
| 020 | _a9788490731017 | ||
| 040 |
_aSpMaBN _bspa _cCO-MdFUSB _erdc _dCO-MdFUSBC |
||
| 041 | 1 |
_aspa _hita |
|
| 080 | _a27-242.4 | ||
| 082 |
_224 _aG 222.106 _bSK626p |
||
| 100 | 1 |
_aSka, Jean Louis, _d1946- _eautor |
|
| 240 | 1 | 0 | _aIl cantiere del Pentateuco |
| 245 | 1 | 3 |
_aEl Pentateuco un filón inagotable : _bproblemas de composición y de interpretación : aspectos literarios y teológicos _c/ Jean-Louis Ska |
| 264 | 1 |
_aEstella, Navarra _bVerbo Divino, _c℗[2015] |
|
| 264 | 4 | _c©2013, 2015 | |
| 300 |
_a302 p. : _c24 cm |
||
| 336 |
_a1 _2rdadcontent _ba1 |
||
| 337 |
_a2 _2rdamedia _b5 |
||
| 338 |
_2rdacarrier _a2 _b5 |
||
| 490 | _aEstudios Bíblicos | ||
| 504 | _aBibliografía: p. 301[-302]. Índices | ||
| 505 | _tCinco principios para leer el Antiguo Testamento | ||
| 505 | _tGénesis 1–11: un texto sacerdotal y sus complementos | ||
| 505 | _tGénesis 2–3: algunas cuestiones de fondo | ||
| 505 | _tLa creación y Dios: el hombre y su dignidad en la Biblia | ||
| 505 | _tLas geneaologías del Génesis y las respuestas a los desafíos de la historia | ||
| 505 | _tEl libro del Éxodo: cuestiones fundamentales y cuestiones abiertas | ||
| 505 | _tEl derecho y la ley: una distinción fundamental en la Biblia | ||
| 505 | _tAbrahán y Moisés, los amigos de Dios | ||
| 505 | _tMoisés el escriba y el libro de la Ley | ||
| 505 | _t¿Quién es el sucesor de Moisés según el Deuteronomio? | ||
| 505 | _tEl Pentateuco y la política imperial persa | ||
| 505 | _t«Misericordia quiero y no sacrificios» (Os 6,6): los sacrificios en el Antiguo Testamento y la crítica profética | ||
| 505 | _tEl amor a Dios, el primer mandamiento en la Biblia cristiana | ||
| 630 | 7 |
_aBiblia. _pPentateuco _xCrítica e interpretación _2embne |
|
| 942 | _cBK | ||